English Premier League and First Division winners with a map - Statistics

General Stats
  • This quiz has been taken 172 times
  • The average score is 17 of 24
Answers on the Map
Answers color-coded by a green-red scale on the quiz's map according to % correct below.
 
Answer Stats
# Last won Answer % Correct
20 2013 Manchester United
100%
20 2025 Liverpool
98%
14 2026 Arsenal
96%
10 2024 Manchester City
96%
6 2017 Chelsea
91%
1 2016 Leicester City
89%
9 1987 Everton
84%
7 1981 Aston Villa
80%
3 1995 Blackburn Rovers
79%
3 1992 Leeds United
74%
4 1927 Newcastle United
72%
2 1961 Tottenham Hotspur
72%
1 1978 Nottingham Forest
70%
6 1936 Sunderland
67%
3 1959 Wolverhampton Wanderers
65%
2 1890 Preston North End
64%
4 1930 Sheffield Wednesday
59%
1 1898 Sheffield United
57%
2 1950 Portsmouth
56%
1 1920 West Bromwich Albion
56%
1 1962 Ipswich Town
55%
2 1960 Burnley
54%
2 1975 Derby County
51%
3 1926 Huddersfield Town
49%
No matching quizzes found
Score Distribution
Percent of People with Each Score
Percentile by Number Answered
Your Score History
You have not taken this quiz